Statistics for Guess These Badly Described Films

Click here to take the quiz!

General Stats

  • This quiz has been taken 111,622 times
    (111,558 since last reset)
  • The average score is 11 of 17

Answer Stats

DescriptionAnswer% Correct
Half-fish, half-woman sells vocal cords to kiss random blokeThe Little Mermaid
92%
A large iceberg's peaceful, calm life comes to an abrupt end as large ship collides with itTitanic
90%
Reclusive weirdo and his mutant employees lure children into his factory with sweets
then dispose of them one by one
Charlie and the
Chocolate Factory
86%
Innocent staff turned into teapot, clock & candlestick rely on Stockholm Syndrome
to save themselves & loved ones
Beauty and the Beast
84%
Old man pretends to teach teenage boy martial arts to make him do choresThe Karate Kid
83%
Old man with balloons abducts young boy after his wife leaves him. There's a dog involved.Up
83%
A boy befriends a bearded hermit and two gay robots, goes into space,
snogs his sister, and kills his dad
Star Wars
82%
Hamlet with Lions, but better than Hamlet. Also singing.The Lion King
82%
There's a tornado, and then a farm girl drops acidThe Wizard of Oz
72%
Two tiny blokes take three long films to return a piece of unwanted jewelleryThe Lord of the Rings
66%
A very old looking teenage girl wears tight leather pants & learns to smoke to
win her boyfriend back. Then they sing.
Grease
64%
Man buys Furby from China Town, Furby gets wet and breeds lizards, lizards destroy cityGremlins
58%
Bloke punches himself. Encourages others to punch him. Leaves his job.
Shaves his head. Bad influence on Meatloaf.
Fight Club
55%
Hockey player falls into a lake, finds a machete, harshly reprimands teens for hooking upFriday the 13th
44%
Cross-dressing hotelier loves his motherPsycho
38%
Boy learns to dance, with no effect on pit closureBilly Elliot
35%
Kid wants a gun. Gets it. Shoots himself. Lies to parents. Merry Christmas.A Christmas Story
32%

Score Distribution

Percentile by Number Answered

Percent of People with Each Score

Your Score History

You have not taken this quiz since the last reset